000 00520nam a2200181Ia 4500
003 GCL
008 140319s9999 xx 000 0 eng d
040 _aGCL /
_cGCL
082 0 4 _a155.5
_bV A
100 1 _aVAILLANT, MARYSE
245 1 0 _aL'ADOLESCENCE AU QUITIDIEN DE QUELQUES PRINCIPES UTILES A'USAGE DES PARENTS /
_cVAILLANT, MARYSE
260 _a[S.N] :
_bSYROS ،
_c1996
300 _a200 P
650 0 4 _aCHILD PSYCHOLOGY
650 0 4 _aADULT - PSYCHOLOGY
650 0 4 _aPARENT AND ADULT CHILD
942 _2ddc
_cBK
999 _c16335
_d16335